[Event "Stay Safe Play From Home 278"]
[Site "Emanuel Lasker Arena"]
[Date "2020.07.05"]
[Round "8"]
[White "SoulofWolf"]
[Black "Bardellosport"]
[Result "0-1"]
[WhiteElo "2163"]
[BlackElo "1973"]
[PlyCount "140"]
[EventDate "2020.07.05"]
[EventType "swiss (blitz)"]

1. f4 {[%emt 0:00:01]} d6 {[%emt 0:00:01]} 2. d3 {[%emt 0:00:00]} Nd7 {[%emt 0:00:00]} 3. e4 {[%emt 0:00:01]} Ngf6 {[%emt 0:00:00]} 4. Be3 {[%emt 0:00:01]} e5 {[%emt 0:00:00]} 5. h3 {[%emt 0:00:01]} Be7 {[%emt 0:00:01]} 6. Nd2 {[%emt 0:00:01]} c6 {[%emt 0:00:00]} 7. c4 {[%emt 0:00:01]} Qc7 {[%emt 0:00:00]} 8. Rc1 {[%emt 0:00:01]} b6 {[%emt 0:00:01]} 9. Ngf3 {[%emt 0:00:00]} Bb7 {[%emt 0:00:00]} 10. d4 {[%emt 0:00:00]} O-O {[%emt 0:00:01]} 11. Nb3 {[%emt 0:00:02]} exd4 {[%emt 0:00:00]} 12. Bxd4 {[%emt 0:00:01]} c5 {[%emt 0:00:00]} 13. Bxf6 {[%emt 0:00:01]} Bxf6 {[%emt 0:00:01]} 14. e5 {[%emt 0:00:01]} dxe5 {[%emt 0:00:01]} 15. fxe5 {[%emt 0:00:00]} Nxe5 {[%emt 0:00:01]} 16. Be2 {[%emt 0:00:00]} Nxf3+ {[%emt 0:00:01]} 17. gxf3 {[%emt 0:00:00]} Rae8 {[%emt 0:00:01]} 18. O-O {[%emt 0:00:01]} Qg3+ {[%emt 0:00:02]} 19. Kh1 {[%emt 0:00:00]} Rxe2 {[%emt 0:00:04]} 20. Qxe2 {[%emt 0:00:02]} Qxh3+ {[%emt 0:00:02]} 21. Kg1 {[%emt 0:00:01]} Bd4+ {[%emt 0:00:02]} 22. Nxd4 {[%emt 0:00:05]} cxd4 {[%emt 0:00:00]} 23. Qg2 {[%emt 0:00:02]} Qf5 {[%emt 0:00:02]} 24. Rcd1 {[%emt 0:00:02]} d3 {[%emt 0:00:01]} 25. Rd2 {[%emt 0:00:03]} g6 {[%emt 0:00:01]} 26. Qg4 {[%emt 0:00:02]} Qf6 {[%emt 0:00:01]} 27. Rxd3 {[%emt 0:00:01]} h5 {[%emt 0:00:02]} 28. Qg3 {[%emt 0:00:02]} Kg7 {[%emt 0:00:01]} 29. Re3 {[%emt 0:00:02]} Qf5 {[%emt 0:00:01]} 30. Qe5+ {[%emt 0:00:01]} Qxe5 {[%emt 0:00:03]} 31. Rxe5 {[%emt 0:00:00]} Rd8 {[%emt 0:00:01]} 32. Rf2 {[%emt 0:00:01]} Rd1+ {[%emt 0:00:01]} 33. Kg2 {[%emt 0:00:01]} Rd7 {[%emt 0:00:00]} 34. a3 {[%emt 0:00:01]} Bc6 {[%emt 0:00:01]} 35. Rfe2 {[%emt 0:00:01]} Rd4 {[%emt 0:00:01]} 36. b3 {[%emt 0:00:01]} a5 {[%emt 0:00:01]} 37. R2e3 {[%emt 0:00:01]} b5 {[%emt 0:00:01]} 38. cxb5 {[%emt 0:00:01]} Bd7 {[%emt 0:00:01]} 39. a4 {[%emt 0:00:00]} Rd1 {[%emt 0:00:02]} 40. Re2 {[%emt 0:00:01]} Rd4 {[%emt 0:00:01]} 41. R5e4 {[%emt 0:00:01]} Rd6 {[%emt 0:00:01]} 42. R4e3 {[%emt 0:00:01]} Rf6 {[%emt 0:00:01]} 43. Kf2 {[%emt 0:00:01]} Bf5 {[%emt 0:00:01]} 44. Re5 {[%emt 0:00:01]} h4 {[%emt 0:00:00]} 45. b6 {[%emt 0:00:01]} Rxb6 {[%emt 0:00:02]} 46. R2e3 {[%emt 0:00:01]} h3 {[%emt 0:00:01]} 47. Rxa5 {[%emt 0:00:01]} Rc6 {[%emt 0:00:01]} 48. Kg3 {[%emt 0:00:01]} Rc1 {[%emt 0:00:01]} 49. Re2 {[%emt 0:00:01]} Rg1+ {[%emt 0:00:00]} 50. Kh2 {[%emt 0:00:01]} Rc1 {[%emt 0:00:02]} 51. Rf2 {[%emt 0:00:00]} Rc3 {[%emt 0:00:00]} 52. Rb5 {[%emt 0:00:00]} Be6 {[%emt 0:00:01]} 53. a5 {[%emt 0:00:01]} Bd7 {[%emt 0:00:01]} 54. Rb6 {[%emt 0:00:01]} Rc8 {[%emt 0:00:01]} 55. b4 {[%emt 0:00:01]} Bf5 {[%emt 0:00:00]} 56. b5 {[%emt 0:00:00]} Rd8 {[%emt 0:00:00]} 57. a6 {[%emt 0:00:00]} Rd1 {[%emt 0:00:01]} 58. Kg3 {[%emt 0:00:00]} Rd4 {[%emt 0:00:01]} 59. f4 {[%emt 0:00:01]} h2 {[%emt 0:00:00]} 60. Rf3 {[%emt 0:00:00]} h1=Q {[%emt 0:00:00]} 61. Kf2 {[%emt 0:00:01]} Rd3 {[%emt 0:00:00]} 62. Rxd3 {[%emt 0:00:01]} Bxd3 {[%emt 0:00:01]} 63. Ke3 {[%emt 0:00:00]} Qe1+ {[%emt 0:00:01]} 64. Kd4 {[%emt 0:00:00]} Qd1 {[%emt 0:00:00]} 65. Kc5 {[%emt 0:00:00]} Qe2 {[%emt 0:00:00]} 66. Kd6 {[%emt 0:00:00]} Qe4 {[%emt 0:00:00]} 67. Kc7 {[%emt 0:00:00]} Qe5+ {[%emt 0:00:00]} 68. Kb7 {[%emt 0:00:00]} Qe6 {[%emt 0:00:00]} 69. Rc6 {[%emt 0:00:00]} Qe7+ {[%emt 0:00:00]} 70. Rc7 {[%emt 0:00:00]} Qe6 {[%emt 0:00:00] Czas partii (Lag: Av=0.30s, max=0.9s)} 0-1

[Event "Stay Safe Play From Home 278"]
[Site "Emanuel Lasker Arena"]
[Date "2020.07.05"]
[Round "8"]
[White "Fischer_11"]
[Black "Edmatuag"]
[Result "1-0"]
[WhiteElo "2074"]
[BlackElo "1658"]
[Annotator "NA"]
[PlyCount "67"]
[EventDate "2020.07.05"]
[EventType "swiss (blitz)"]

1. e4 {[%emt 0:00:02]} Nf6 {[%emt 0:00:01]} 2. Nc3 {[%emt 0:00:04]} d5 {[%emt 0:00:03]} 3. exd5 {[%emt 0:00:00]} Nxd5 {[%emt 0:00:01]} 4. Nxd5 {[%emt 0:00:00]} Qxd5 {[%emt 0:00:01]} 5. Qf3 {[%emt 0:00:00]} Qxf3 {[%emt 0:00:01]} 6. Nxf3 {[%emt 0:00:00]} Nc6 {[%emt 0:00:01]} 7. Bb5 {[%emt 0:00:00]} Bd7 {[%emt 0:00:01]} 8. O-O {[%emt 0:00:01]} O-O-O {[%emt 0:00:02]} 9. d4 {[%emt 0:00:00]} e6 {[%emt 0:00:01]} 10. c3 {[%emt 0:00:01]} Bd6 {[%emt 0:00:02]} 11. Bg5 {[%emt 0:00:01]} Ne7 {[%emt 0:00:01]} 12. Bxe7 {[%emt 0:00:06]} Bxe7 {[%emt 0:00:02]} 13. Bxd7+ {[%emt 0:00:02]} Rxd7 {[%emt 0:00:01]} 14. Ne5 {[%emt 0:00:00]} Bd6 {[%emt 0:00:04]} 15. Nxd7 {[%emt 0:00:02]} Kxd7 {[%emt 0:00:00]} 16. f4 {[%emt 0:00:00]} Ke7 {[%emt 0:00:02]} 17. f5 {[%emt 0:00:00]} c5 {[%emt 0:00:02]} 18. fxe6 {[%emt 0:00:01]} fxe6 {[%emt 0:00:00]} 19. dxc5 {[%emt 0:00:04]} Bxc5+ {[%emt 0:00:01]} 20. Kh1 {[%emt 0:00:00]} Rd8 {[%emt 0:00:01]} 21. Rad1 {[%emt 0:00:02]} Bd6 {[%emt 0:00:04]} 22. g3 {[%emt 0:00:02]} Rc8 {[%emt 0:00:02]} 23. Rf2 {[%emt 0:00:04]} Rc6 {[%emt 0:00:05]} 24. Kg2 {[%emt 0:00:03]} e5 {[%emt 0:00:02]} 25. Kf3 {[%emt 0:00:01]} Ke6 {[%emt 0:00:02]} 26. Rfd2 {[%emt 0:00:03]} Be7 {[%emt 0:00:05]} 27. Rd7 {[%emt 0:00:02]} Rb6 {[%emt 0:00:02]} 28. b3 {[%emt 0:00:03]} Rb5 {[%emt 0:00:02]} 29. c4 {[%emt 0:00:01]} Rb6 {[%emt 0:00:00]} 30. Ke4 {[%emt 0:00:01]} g6 {[%emt 0:00:02]} 31. h3 {[%emt 0:00:00]} h5 {[%emt 0:00:01]} 32. g4 {[%emt 0:00:00]} h4 {[%emt 0:00:02]} 33. R1d2 {[%emt 0:00:01]} Bg5 {[%emt 0:00:01]} 34. R2d3 {[%emt 0:00:00] Time (Lag: Av=0.46s, max=0.7s)} 1-0

[Event "Stay Safe Play From Home 278"]
[Site "Emanuel Lasker Arena"]
[Date "2020.07.05"]
[Round "8"]
[White "Lazieri3"]
[Black "Mepe_Nika"]
[Result "0-1"]
[WhiteElo "2042"]
[BlackElo "2409"]
[PlyCount "20"]
[EventDate "2020.07.05"]
[EventType "swiss (blitz)"]

1. e4 {[%emt 0:00:01]} e5 {[%emt 0:00:01]} 2. Nc3 {[%emt 0:00:00]} Nf6 {[%emt 0:00:01]} 3. Nf3 {[%emt 0:00:00]} Nc6 {[%emt 0:00:01]} 4. d4 {[%emt 0:00:00]} exd4 {[%emt 0:00:01]} 5. Nxd4 {[%emt 0:00:00]} Bb4 {[%emt 0:00:00]} 6. Nxc6 {[%emt 0:00:01]} bxc6 {[%emt 0:00:01]} 7. Bd3 {[%emt 0:00:01]} d5 {[%emt 0:00:00]} 8. exd5 {[%emt 0:00:01]} O-O {[%emt 0:00:00]} 9. Kf1 {[%emt 0:00:00]} Bg4 {[%emt 0:00:00]} 10. dxc6 {[%emt 0:00:02]} Bxd1 {[%emt 0:00:01] Lazieri3 resigns (Lag: Av=0.74s, max=1.6s)} 0-1

[Event "Stay Safe Play From Home 278"]
[Site "Emanuel Lasker Arena"]
[Date "2020.07.05"]
[Round "8"]
[White "EL sanbary"]
[Black "The Next Contender"]
[Result "1-0"]
[WhiteElo "1986"]
[BlackElo "2014"]
[PlyCount "71"]
[EventDate "2020.07.05"]
[EventType "swiss (blitz)"]

1. c4 {[%emt 0:00:01]} d5 {[%emt 0:00:00]} 2. cxd5 {[%emt 0:00:01]} Qxd5 {[%emt 0:00:00]} 3. Nc3 {[%emt 0:00:02]} Qa5 {[%emt 0:00:00]} 4. g3 {[%emt 0:00:00]} c6 {[%emt 0:00:00]} 5. Bg2 {[%emt 0:00:00]} Bf5 {[%emt 0:00:00]} 6. Nf3 {[%emt 0:00:01]} Nf6 {[%emt 0:00:00]} 7. O-O {[%emt 0:00:01]} e6 {[%emt 0:00:00]} 8. Qb3 {[%emt 0:00:03]} Qc7 {[%emt 0:00:01]} 9. Nh4 {[%emt 0:00:01]} Bg6 {[%emt 0:00:01]} 10. Nxg6 {[%emt 0:00:01]} hxg6 {[%emt 0:00:00]} 11. d4 {[%emt 0:00:01]} Bd6 {[%emt 0:00:01]} 12. e4 {[%emt 0:00:01]} Be7 {[%emt 0:00:01]} 13. Be3 {[%emt 0:00:02]} Ng4 {[%emt 0:00:01]} 14. d5 {[%emt 0:00:02]} Nxh2 {[%emt 0:00:02]} 15. Rfd1 {[%emt 0:00:02]} Ng4 {[%emt 0:00:05]} 16. dxe6 {[%emt 0:00:01]} fxe6 {[%emt 0:00:04]} 17. Qxe6 {[%emt 0:00:01]} Nxe3 {[%emt 0:00:00]} 18. fxe3 {[%emt 0:00:03]} Qxg3 {[%emt 0:00:02]} 19. Rd3 {[%emt 0:00:04]} Qh4 {[%emt 0:00:02]} 20. Kf1 {[%emt 0:00:01]} Na6 {[%emt 0:00:02]} 21. Rad1 {[%emt 0:00:02]} Rf8+ {[%emt 0:00:02]} 22. Kg1 {[%emt 0:00:06]} Qf2+ {[%emt 0:00:01]} 23. Kh1 {[%emt 0:00:02]} Rh8+ {[%emt 0:00:00]} 24. Bh3 {[%emt 0:00:01]} Qf3+ {[%emt 0:00:01]} 25. Kh2 {[%emt 0:00:01]} Qf2+ {[%emt 0:00:03]} 26. Kh1 {[%emt 0:00:03]} Qg3 {[%emt 0:00:04]} 27. Qd7+ {[%emt 0:00:04]} Kf8 {[%emt 0:00:01]} 28. Rf1+ {[%emt 0:00:03]} Kg8 {[%emt 0:00:02]} 29. Qe6+ {[%emt 0:00:02]} Kh7 {[%emt 0:00:01]} 30. Qg4 {[%emt 0:00:02]} Qxg4 {[%emt 0:00:01]} 31. Bxg4 {[%emt 0:00:01]} Kg8+ {[%emt 0:00:01]} 32. Kg2 {[%emt 0:00:00]} Nc5 {[%emt 0:00:00]} 33. Rd2 {[%emt 0:00:02]} Nxe4 {[%emt 0:00:00]} 34. Be6+ {[%emt 0:00:02]} Kh7 {[%emt 0:00:01]} 35. Rh1+ {[%emt 0:00:00]} Bh4 {[%emt 0:00:05]} 36. Rxh4# {[%emt 0:00:00] (Lag: Av=0.55s, max=1.1s)} 1-0

[Event "Stay Safe Play From Home 278"]
[Site "Emanuel Lasker Arena"]
[Date "2020.07.05"]
[Round "8"]
[White "NeatFox"]
[Black "Robk"]
[Result "1-0"]
[WhiteElo "1958"]
[BlackElo "1608"]
[PlyCount "33"]
[EventDate "2020.07.05"]
[EventType "swiss (blitz)"]

1. g4 {[%emt 0:00:01]} c5 {[%emt 0:00:03]} 2. Bg2 {[%emt 0:00:00]} d5 {[%emt 0:00:03]} 3. c4 {[%emt 0:00:00]} e6 {[%emt 0:00:04]} 4. cxd5 {[%emt 0:00:02]} exd5 {[%emt 0:00:01]} 5. Qb3 {[%emt 0:00:00]} Nf6 {[%emt 0:00:10]} 6. g5 {[%emt 0:00:01]} Ne4 {[%emt 0:00:01]} 7. d3 {[%emt 0:00:03]} Nxg5 {[%emt 0:00:03]} 8. Bxd5 {[%emt 0:00:01]} Nc6 {[%emt 0:00:07]} 9. Bxg5 {[%emt 0:00:03]} Qxg5 {[%emt 0:00:02]} 10. Bxf7+ {[%emt 0:00:00]} Kd8 {[%emt 0:00:04]} 11. Nf3 {[%emt 0:00:01]} Qc1+ {[%emt 0:00:04]} 12. Qd1 {[%emt 0:00:02]} Qxb2 {[%emt 0:00:02]} 13. Nbd2 {[%emt 0:00:01]} Nd4 {[%emt 0:00:03]} 14. Nxd4 {[%emt 0:00:01]} cxd4 {[%emt 0:00:02]} 15. Rc1 {[%emt 0:00:00]} Ba3 {[%emt 0:00:06]} 16. O-O {[%emt 0:00:02]} Bh3 {[%emt 0:00:04]} 17. Re1 {[%emt 0:00:01] Time} 1-0

[Event "Stay Safe Play From Home 278"]
[Site "Emanuel Lasker Arena"]
[Date "2020.07.05"]
[Round "9"]
[White "Broken sword"]
[Black "EL sanbary"]
[Result "1-0"]
[WhiteElo "2484"]
[BlackElo "2004"]
[PlyCount "63"]
[EventDate "2020.07.05"]
[EventType "swiss (blitz)"]

1. d4 {[%emt 0:00:02]} d5 {[%emt 0:00:01]} 2. Nf3 {[%emt 0:00:00]} e6 {[%emt 0:00:00]} 3. c4 {[%emt 0:00:00]} Nf6 {[%emt 0:00:01]} 4. cxd5 {[%emt 0:00:00]} exd5 {[%emt 0:00:01]} 5. Nc3 {[%emt 0:00:00]} Be7 {[%emt 0:00:00]} 6. Bg5 {[%emt 0:00:00]} O-O {[%emt 0:00:00]} 7. Bxf6 {[%emt 0:00:00]} Bxf6 {[%emt 0:00:01]} 8. e3 {[%emt 0:00:00]} g6 {[%emt 0:00:01]} 9. Bd3 {[%emt 0:00:00]} Bg7 {[%emt 0:00:01]} 10. h4 {[%emt 0:00:01]} h5 {[%emt 0:00:02]} 11. Qc2 {[%emt 0:00:01]} c6 {[%emt 0:00:01]} 12. Bxg6 {[%emt 0:00:01]} fxg6 {[%emt 0:00:00]} 13. Qxg6 {[%emt 0:00:01]} Qf6 {[%emt 0:00:01]} 14. Qxh5 {[%emt 0:00:01]} Nd7 {[%emt 0:00:02]} 15. O-O-O {[%emt 0:00:01]} Rd8 {[%emt 0:00:03]} 16. Ng5 {[%emt 0:00:01]} Nb6 {[%emt 0:00:02]} 17. Qh7+ {[%emt 0:00:01]} Kf8 {[%emt 0:00:01]} 18. f4 {[%emt 0:00:01]} Bf5 {[%emt 0:00:02]} 19. Qh5 {[%emt 0:00:01]} Nc4 {[%emt 0:00:01]} 20. Rhe1 {[%emt 0:00:01]} Re8 {[%emt 0:00:02]} 21. g4 {[%emt 0:00:02]} Bg6 {[%emt 0:00:04]} 22. Nh7+ {[%emt 0:00:00]} Bxh7 {[%emt 0:00:01]} 23. Qxh7 {[%emt 0:00:00]} Nxe3 {[%emt 0:00:02]} 24. g5 {[%emt 0:00:01]} Qxf4 {[%emt 0:00:04]} 25. Kb1 {[%emt 0:00:04]} Nxd1 {[%emt 0:00:01]} 26. Rxd1 {[%emt 0:00:00]} Re3 {[%emt 0:00:01]} 27. h5 {[%emt 0:00:03]} Rae8 {[%emt 0:00:01]} 28. h6 {[%emt 0:00:00]} Bxd4 {[%emt 0:00:01]} 29. g6 {[%emt 0:00:10]} Bxc3 {[%emt 0:00:02]} 30. bxc3 {[%emt 0:00:03]} Qe4+ {[%emt 0:00:04]} 31. Ka1 {[%emt 0:00:02]} Rh3 {[%emt 0:00:04]} 32. Qg7# {[%emt 0:00:01] (Lag: Av=0.43s, max=1.0s)} 1-0

[Event "Stay Safe Play From Home 278"]
[Site "Emanuel Lasker Arena"]
[Date "2020.07.05"]
[Round "9"]
[White "SoulofWolf"]
[Black "NeatFox"]
[Result "1-0"]
[WhiteElo "2138"]
[BlackElo "1962"]
[PlyCount "61"]
[EventDate "2020.07.05"]
[EventType "swiss (blitz)"]

1. d4 {[%emt 0:00:00]} c6 {[%emt 0:00:00]} 2. Nf3 {[%emt 0:00:00]} d5 {[%emt 0:00:00]} 3. g3 {[%emt 0:00:01]} g6 {[%emt 0:00:00]} 4. Bg2 {[%emt 0:00:00]} Bg7 {[%emt 0:00:00]} 5. O-O {[%emt 0:00:00]} Nf6 {[%emt 0:00:00]} 6. Re1 {[%emt 0:00:00]} O-O {[%emt 0:00:00]} 7. c3 {[%emt 0:00:00]} e6 {[%emt 0:00:00]} 8. Nbd2 {[%emt 0:00:00]} Bd7 {[%emt 0:00:00]} 9. e4 {[%emt 0:00:00]} Na6 {[%emt 0:00:01]} 10. e5 {[%emt 0:00:00]} Ne8 {[%emt 0:00:01]} 11. Nf1 {[%emt 0:00:01]} Nec7 {[%emt 0:00:00]} 12. Bg5 {[%emt 0:00:01]} c5 {[%emt 0:00:00]} 13. Bxd8 {[%emt 0:00:01]} Rfxd8 {[%emt 0:00:00]} 14. Qe2 {[%emt 0:00:02]} cxd4 {[%emt 0:00:01]} 15. cxd4 {[%emt 0:00:00]} Nb4 {[%emt 0:00:01]} 16. a3 {[%emt 0:00:01]} Nc6 {[%emt 0:00:02]} 17. b4 {[%emt 0:00:01]} Nb5 {[%emt 0:00:01]} 18. Qd3 {[%emt 0:00:01]} f5 {[%emt 0:00:03]} 19. Rec1 {[%emt 0:00:01]} Rac8 {[%emt 0:00:02]} 20. a4 {[%emt 0:00:01]} Nc7 {[%emt 0:00:01]} 21. b5 {[%emt 0:00:03]} Ne7 {[%emt 0:00:00]} 22. Rc2 {[%emt 0:00:01]} b6 {[%emt 0:00:00]} 23. Rac1 {[%emt 0:00:01]} Na8 {[%emt 0:00:02]} 24. Rxc8 {[%emt 0:00:01]} Rxc8 {[%emt 0:00:00]} 25. Rxc8+ {[%emt 0:00:01]} Bxc8 {[%emt 0:00:00]} 26. Qc3 {[%emt 0:00:00]} Bd7 {[%emt 0:00:02]} 27. Qb4 {[%emt 0:00:01]} Kf7 {[%emt 0:00:02]} 28. Qd6 {[%emt 0:00:00]} Bf8 {[%emt 0:00:07]} 29. Qb8 {[%emt 0:00:01]} Nc7 {[%emt 0:00:01]} 30. Qxc7 {[%emt 0:00:01]} Be8 {[%emt 0:00:02]} 31. Qxa7 {[%emt 0:00:01] NeatFox gibt auf (Lag: Av=0.31s, max=0.5s)} 1-0

[Event "Stay Safe Play From Home 278"]
[Site "Emanuel Lasker Arena"]
[Date "2020.07.05"]
[Round "9"]
[White "Lazieri3"]
[Black "BrainThinker22"]
[Result "1-0"]
[WhiteElo "2038"]
[BlackElo "2405"]
[Annotator "NA"]
[PlyCount "141"]
[EventDate "2020.07.05"]
[EventType "swiss (blitz)"]

1. e4 {[%emt 0:00:02]} c6 {[%emt 0:00:00]} 2. Nc3 {[%emt 0:00:03]} d5 {[%emt 0:00:00]} 3. d3 {[%emt 0:00:00]} d4 {[%emt 0:00:01]} 4. Nce2 {[%emt 0:00:08]} c5 {[%emt 0:00:00]} 5. f3 {[%emt 0:00:00]} Nc6 {[%emt 0:00:00]} 6. g3 {[%emt 0:00:01]} e5 {[%emt 0:00:01]} 7. Bh3 {[%emt 0:00:00]} Bxh3 {[%emt 0:00:01]} 8. Nxh3 {[%emt 0:00:00]} Qd7 {[%emt 0:00:00]} 9. Nf2 {[%emt 0:00:00]} Nf6 {[%emt 0:00:00]} 10. O-O {[%emt 0:00:00]} Be7 {[%emt 0:00:00]} 11. f4 {[%emt 0:00:00]} exf4 {[%emt 0:00:01]} 12. Bxf4 {[%emt 0:00:00]} O-O {[%emt 0:00:00]} 13. Qd2 {[%emt 0:00:01]} Bd6 {[%emt 0:00:01]} 14. Bxd6 {[%emt 0:00:01]} Qxd6 {[%emt 0:00:00]} 15. Qf4 {[%emt 0:00:02]} Rad8 {[%emt 0:00:01]} 16. Qxd6 {[%emt 0:00:01]} Rxd6 {[%emt 0:00:00]} 17. Nf4 {[%emt 0:00:01]} Ne5 {[%emt 0:00:01]} 18. Kg2 {[%emt 0:00:02]} h6 {[%emt 0:00:01]} 19. h3 {[%emt 0:00:01]} Re8 {[%emt 0:00:03]} 20. b3 {[%emt 0:00:02]} b5 {[%emt 0:00:01]} 21. a4 {[%emt 0:00:01]} b4 {[%emt 0:00:04]} 22. Rae1 {[%emt 0:00:04]} a5 {[%emt 0:00:01]} 23. Re2 {[%emt 0:00:01]} Rc8 {[%emt 0:00:01]} 24. Rd2 {[%emt 0:00:02]} Nfd7 {[%emt 0:00:01]} 25. Ng4 {[%emt 0:00:02]} Nxg4 {[%emt 0:00:01]} 26. hxg4 {[%emt 0:00:00]} Ne5 {[%emt 0:00:00]} 27. Nd5 {[%emt 0:00:02]} Re8 {[%emt 0:00:06]} 28. Rf4 {[%emt 0:00:04]} Ree6 {[%emt 0:00:01]} 29. Rdf2 {[%emt 0:00:02]} Rg6 {[%emt 0:00:01]} 30. Ne7+ {[%emt 0:00:02]} Kh7 {[%emt 0:00:00]} 31. Nxg6 {[%emt 0:00:01]} Rxg6 {[%emt 0:00:00]} 32. Kh3 {[%emt 0:00:01]} f6 {[%emt 0:00:02]} 33. Rf1 {[%emt 0:00:01]} Nf7 {[%emt 0:00:01]} 34. Rf5 {[%emt 0:00:02]} Ng5+ {[%emt 0:00:01]} 35. Kg2 {[%emt 0:00:00]} Ne6 {[%emt 0:00:00]} 36. Kh3 {[%emt 0:00:01]} Rg5 {[%emt 0:00:00]} 37. Rxg5 {[%emt 0:00:01]} hxg5 {[%emt 0:00:00]} 38. Rf5 {[%emt 0:00:01]} Kg6 {[%emt 0:00:00]} 39. Rd5 {[%emt 0:00:01]} Kf7 {[%emt 0:00:01]} 40. Rd6 {[%emt 0:00:00]} Ke7 {[%emt 0:00:01]} 41. Ra6 {[%emt 0:00:01]} g6 {[%emt 0:00:00]} 42. Rxa5 {[%emt 0:00:00]} f5 {[%emt 0:00:01]} 43. Ra7+ {[%emt 0:00:01]} Kd6 {[%emt 0:00:01]} 44. Ra6+ {[%emt 0:00:00]} Ke5 {[%emt 0:00:01]} 45. Rxe6+ {[%emt 0:00:00]} Kxe6 {[%emt 0:00:00]} 46. exf5+ {[%emt 0:00:00]} gxf5 {[%emt 0:00:00]} 47. gxf5+ {[%emt 0:00:00]} Kxf5 {[%emt 0:00:00]} 48. a5 {[%emt 0:00:00]} c4 {[%emt 0:00:00]} 49. a6 {[%emt 0:00:00]} cxd3 {[%emt 0:00:00]} 50. cxd3 {[%emt 0:00:00]} g4+ {[%emt 0:00:00]} 51. Kg2 {[%emt 0:00:01]} Ke5 {[%emt 0:00:00]} 52. a7 {[%emt 0:00:01]} Kd5 {[%emt 0:00:00]} 53. a8=Q+ {[%emt 0:00:00]} Ke5 {[%emt 0:00:00]} 54. Qe4+ {[%emt 0:00:00]} Kf6 {[%emt 0:00:01]} 55. Qxd4+ {[%emt 0:00:00]} Kg5 {[%emt 0:00:00]} 56. Qc4 {[%emt 0:00:00]} Kh5 {[%emt 0:00:00]} 57. Qxb4 {[%emt 0:00:00]} Kg5 {[%emt 0:00:00]} 58. Qf4+ {[%emt 0:00:00]} Kh5 {[%emt 0:00:00]} 59. Qf5+ {[%emt 0:00:00]} Kh6 {[%emt 0:00:00]} 60. Qxg4 {[%emt 0:00:00]} Kh7 {[%emt 0:00:00]} 61. Qf4 {[%emt 0:00:00]} Kh8 {[%emt 0:00:00]} 62. d4 {[%emt 0:00:00]} Kh7 {[%emt 0:00:00]} 63. d5 {[%emt 0:00:00]} Kg7 {[%emt 0:00:00]} 64. d6 {[%emt 0:00:00]} Kg6 {[%emt 0:00:00]} 65. d7 {[%emt 0:00:00] BrainThinker22 offers a draw} Kh5 {[%emt 0:00:01]} 66. d8=Q {[%emt 0:00:00]} Kg6 {[%emt 0:00:00]} 67. Qd5 {[%emt 0:00:00]} Kh7 {[%emt 0:00:00]} 68. Qfe5 {[%emt 0:00:00]} Kg6 {[%emt 0:00:01]} 69. Qee6+ {[%emt 0:00:00]} Kg7 {[%emt 0:00:00]} 70. Qdd7+ {[%emt 0:00:00]} Kh8 {[%emt 0:00:00]} 71. Qee8# {[%emt 0:00:00] (Lag: Av=0.82s, max=1.3s)} 1-0

[Event "Stay Safe Play From Home 278"]
[Site "Emanuel Lasker Arena"]
[Date "2020.07.05"]
[Round "9"]
[White "Haxhi Baha"]
[Black "Fischer_11"]
[Result "1-0"]
[WhiteElo "2030"]
[BlackElo "2077"]
[Annotator "NA"]
[PlyCount "107"]
[EventDate "2020.07.05"]
[EventType "swiss (blitz)"]

1. e4 {[%emt 0:00:01]} Nf6 {[%emt 0:00:01]} 2. e5 {[%emt 0:00:01]} Nd5 {[%emt 0:00:01]} 3. c4 {[%emt 0:00:00]} Nb6 {[%emt 0:00:01]} 4. d4 {[%emt 0:00:00]} d6 {[%emt 0:00:01]} 5. f4 {[%emt 0:00:01]} dxe5 {[%emt 0:00:01]} 6. fxe5 {[%emt 0:00:01]} Nc6 {[%emt 0:00:00]} 7. Be3 {[%emt 0:00:03]} Bf5 {[%emt 0:00:01]} 8. Nc3 {[%emt 0:00:03]} e6 {[%emt 0:00:01]} 9. Nf3 {[%emt 0:00:01]} Bg4 {[%emt 0:00:01]} 10. Be2 {[%emt 0:00:01]} Bxf3 {[%emt 0:00:03]} 11. gxf3 {[%emt 0:00:01]} Qh4+ {[%emt 0:00:01]} 12. Bf2 {[%emt 0:00:01]} Qf4 {[%emt 0:00:01]} 13. c5 {[%emt 0:00:07]} Nd7 {[%emt 0:00:06]} 14. Bb5 {[%emt 0:00:02]} Ndb8 {[%emt 0:00:08]} 15. Qe2 {[%emt 0:00:02]} a6 {[%emt 0:00:02]} 16. Bxc6+ {[%emt 0:00:01]} Nxc6 {[%emt 0:00:00]} 17. Rd1 {[%emt 0:00:01]} O-O-O {[%emt 0:00:01]} 18. Bg3 {[%emt 0:00:01]} Qf5 {[%emt 0:00:10]} 19. a3 {[%emt 0:00:01]} Rd7 {[%emt 0:00:05]} 20. b4 {[%emt 0:00:01]} Be7 {[%emt 0:00:01]} 21. b5 {[%emt 0:00:01]} axb5 {[%emt 0:00:02]} 22. Qxb5 {[%emt 0:00:02]} Nxd4 {[%emt 0:00:06]} 23. Qd3 {[%emt 0:00:04]} Qxd3 {[%emt 0:00:01]} 24. Rxd3 {[%emt 0:00:01]} Bxc5 {[%emt 0:00:00]} 25. Bf2 {[%emt 0:00:02]} Rhd8 {[%emt 0:00:00]} 26. Bxd4 {[%emt 0:00:01]} Bxd4 {[%emt 0:00:00]} 27. Rxd4 {[%emt 0:00:00]} Rxd4 {[%emt 0:00:01]} 28. O-O {[%emt 0:00:01]} Rd3 {[%emt 0:00:00]} 29. Ne4 {[%emt 0:00:01]} R8d5 {[%emt 0:00:01]} 30. Ng5 {[%emt 0:00:01]} Rxa3 {[%emt 0:00:00]} 31. Nxf7 {[%emt 0:00:01]} Rd2 {[%emt 0:00:00]} 32. Rf2 {[%emt 0:00:01]} Raa2 {[%emt 0:00:00]} 33. Rxd2 {[%emt 0:00:01]} Rxd2 {[%emt 0:00:00]} 34. Ng5 {[%emt 0:00:00]} b5 {[%emt 0:00:00]} 35. Nxe6 {[%emt 0:00:01]} b4 {[%emt 0:00:00]} 36. Nc5 {[%emt 0:00:01]} b3 {[%emt 0:00:00]} 37. Nxb3 {[%emt 0:00:01]} Rd3 {[%emt 0:00:00]} 38. Nc5 {[%emt 0:00:01]} Rxf3 {[%emt 0:00:00]} 39. e6 {[%emt 0:00:01]} Re3 {[%emt 0:00:00]} 40. Kf2 {[%emt 0:00:01]} Re5 {[%emt 0:00:00]} 41. Nd7 {[%emt 0:00:01]} Rxe6 {[%emt 0:00:00]} 42. Nc5 {[%emt 0:00:00]} Rf6+ {[%emt 0:00:00]} 43. Kg3 {[%emt 0:00:01]} Rf7 {[%emt 0:00:00]} 44. Ne4 {[%emt 0:00:01]} c6 {[%emt 0:00:00]} 45. Nd6+ {[%emt 0:00:00]} Kd7 {[%emt 0:00:01]} 46. Nxf7 {[%emt 0:00:00]} Ke6 {[%emt 0:00:00]} 47. Ng5+ {[%emt 0:00:00]} Kd5 {[%emt 0:00:00]} 48. Nxh7 {[%emt 0:00:01]} c5 {[%emt 0:00:00]} 49. Nf8 {[%emt 0:00:00]} c4 {[%emt 0:00:00]} 50. Kf2 {[%emt 0:00:00]} c3 {[%emt 0:00:00]} 51. Ke2 {[%emt 0:00:00]} Kc4 {[%emt 0:00:00]} 52. Kd1 {[%emt 0:00:01]} Kb3 {[%emt 0:00:00]} 53. Kc1 {[%emt 0:00:00]} g5 {[%emt 0:00:00]} 54. Ne6 {[%emt 0:00:00] (Lag: Av=0.63s, max=1.0s)} 1-0